| 000 | 00660nam a2200229 a 4500 | ||
|---|---|---|---|
| 005 | 20240925070105.0 | ||
| 008 | 060830s2003 mx r 000 0 spa d | ||
| 020 | _a9586483347 | ||
| 035 | _aUPN01000146618 | ||
| 049 | _aCG | ||
| 050 | 4 |
_aBF637 C5 _bC3.4 |
|
| 100 | 1 | _aCastro Fresneda, Jesús Hernando | |
| 245 | 1 | 3 |
_aLa inteligencia y el saber vivir / _cJesús Hernando Castro Fresneda. |
| 260 |
_aSanta Fé de Bogotá : _bEcoe, _c2003. |
||
| 300 | _a138 p. | ||
| 440 | 0 |
_aInterés general. _pFilosofía |
|
| 650 | 4 |
_aConducta de vida _94416 |
|
| 650 | 4 |
_aÉtica _912720 |
|
| 650 | 2 |
_aVida cotidiana _96785 |
|
| 650 | 4 |
_aValores _9308 |
|
| 905 | _aLibro | ||
| 999 |
_c118764 _d118764 |
||